Digitalization of Diplomacy as a Response to Global Challenges in International Relations

Príspevok poskytuje komplexné prepojenie medzi trendmi informačnej spoločnosti a výzvami súčasnej diplomacie. Analyzuje potenciál IKT, ako aj súvisiace limity a možné riziká v kľúčových oblastiach diplomatických služieb: bilaterálna a multilaterálna diplomacia, konzulárna práca, rokovania či verejná...

Descrizione completa

Salvato in:
Dettagli Bibliografici
Autore principale: Rusiňáková, Jarmila, 1959-
Natura: Capitolo di libro
Lingua:inglese
Soggetti:
Tags: Aggiungi Tag
Nessun Tag, puoi essere il primo ad aggiungerne!!

MARC

LEADER 00000naa$a2200000$$$4500
001 0306279
005 20250603083230.1
041 0 |a eng 
044 |a SK 
245 1 0 |a Digitalization of Diplomacy as a Response to Global Challenges in International Relations  |c Jarmila Rusiňáková 
520 |a Príspevok poskytuje komplexné prepojenie medzi trendmi informačnej spoločnosti a výzvami súčasnej diplomacie. Analyzuje potenciál IKT, ako aj súvisiace limity a možné riziká v kľúčových oblastiach diplomatických služieb: bilaterálna a multilaterálna diplomacia, konzulárna práca, rokovania či verejná diplomacia. Príspevok navrhuje pochopenie IKT s implementáciou nevyhnutných posunov v diplomatickej praxi ako reakciu na globálne výzvy v medzinárodných vzťahoch. 
610 2 0 |a diplomacia 
610 2 0 |a vzťahy medzinárodné 
610 2 0 |a komunikácia 
610 2 0 |a digitalizácia 
610 2 0 |a vzťahy bilaterálne 
100 1 |a Rusiňáková, Jarmila, 1959-